[Event "Tula Efremenkov Memorial"]
[Site "Tula"]
[Date "2004.01.31"]
[Round "13"]
[White "Amonatov, Farrukh"]
[Black "Paronjan, Aleksandar"]
[Result "0-1"]
[WhiteElo "2557"]
[BlackElo "2419"]
[PlyCount "94"]
[EventDate "2004.01.??"]
[EventType "tourn"]
[EventRounds "15"]
[EventCountry "RUS"]
[EventCategory "7"]
[SourceTitle "EXT 2005"]
[Source "ChessBase"]
[SourceDate "2004.11.15"]
[SourceVersion "1"]
[SourceVersionDate "2004.11.15"]
[SourceQuality "1"]

1. e4 Nf6 2. e5 Nd5 3. d4 d6 4. Nf3 Bg4 5. Be2 e6 6. 0-0 Be7 7. c4 Nb6 8. Nc3 0-0 9. Be3 a6 10. b3 d5 11. c5 N6d7 12. b4 Nc6 13. Rb1 f6 14. exf6 Bxf6 15. h3 Bf5 16. Bd3 Ne7 17. Qc2 c6 18. Ne2 Bxd3 19. Qxd3 Qe8 20. Bf4 Ng6 21. Bd6 e5 22. dxe5 Ndxe5 23. Nxe5 Nxe5 24. Qg3 Rf7 25. Nf4 Nc4 26. Rbe1 Qd7 27. Re6 Nd2 28. Rfe1 Ne4 29. Qg4 Bd4 30. Re2 a5 31. Nd3 axb4 32. Kh2 Bf6 33. Nxb4 h5 34. Qf5 Bc3 35. Qg6 Bxb4 36. Be5 Raf8 37. f3 Nxc5 38. Rd6 Qf5 39. Qg3 h4 40. Qxh4 Nd3 41. Bg3 Bxd6 42. Bxd6 Ra8 43. Re3 c5 44. a4 Rd7 45. Bg3 Rc8 46. a5 d4 47. Re4 c4 0-1

[Event "Tula Efremenkov Memorial"]
[Site "Tula"]
[Date "2004.01.31"]
[Round "14"]
[White "Paronjan, Aleksandar"]
[Black "Yagupov, Igor"]
[Result "1/2-1/2"]
[WhiteElo "2419"]
[BlackElo "2439"]
[PlyCount "32"]
[EventDate "2004.01.??"]
[EventType "tourn"]
[EventRounds "15"]
[EventCountry "RUS"]
[EventCategory "7"]
[SourceTitle "EXT 2005"]
[Source "ChessBase"]
[SourceDate "2004.11.15"]
[SourceVersion "1"]
[SourceVersionDate "2004.11.15"]
[SourceQuality "1"]

1. d4 d5 2. c4 c6 3. cxd5 cxd5 4. Nc3 Nf6 5. Nf3 Nc6 6. Bf4 e6 7. e3 Nh5 8. Be5 Be7 9. Bd3 0-0 10. 0-0 Nf6 11. Bg3 Nh5 12. Be5 Nf6 13. Bf4 Nh5 14. Be5 Nf6 15. Bg3 Nh5 16. Be5 Nf6 1/2-1/2

[Event "Tula Efremenkov Memorial"]
[Site "Tula"]
[Date "2004.01.28"]
[Round "9"]
[White "Kuzin, Anton"]
[Black "Paronjan, Aleksandar"]
[Result "1/2-1/2"]
[WhiteElo "2319"]
[BlackElo "2419"]
[PlyCount "39"]
[EventDate "2004.01.??"]
[EventType "tourn"]
[EventRounds "15"]
[EventCountry "RUS"]
[EventCategory "7"]
[SourceTitle "EXT 2005"]
[Source "ChessBase"]
[SourceDate "2004.11.15"]
[SourceVersion "1"]
[SourceVersionDate "2004.11.15"]
[SourceQuality "1"]

1. e4 Nf6 2. Nc3 d5 3. e5 d4 4. exf6 dxc3 5. fxg7 cxd2+ 6. Qxd2 Qxd2+ 7. Bxd2 Bxg7 8. 0-0-0 Bf5 9. Bb5+ c6 10. Be2 Nd7 11. Nf3 0-0-0 12. Be3 Nb6 13. Rxd8+ Rxd8 14. Ng5 f6 15. g4 fxg5 16. gxf5 Bf6 17. Rd1 Rxd1+ 18. Bxd1 Nc4 19. c3 Nxe3 20. fxe3 1/2-1/2

[Event "Tula Suetin Memorial op"]
[Site "Tula"]
[Date "2002.03.24"]
[Round "2"]
[White "Kuporosov, Viktor"]
[Black "Paronjan, Aleksandar"]
[Result "1/2-1/2"]
[WhiteElo "2473"]
[BlackElo "2409"]
[PlyCount "28"]
[EventDate "2002.03.23"]
[EventType "swiss"]
[EventRounds "9"]
[EventCountry "RUS"]
[SourceTitle "CBM 087 Extra"]
[Source "ChessBase"]
[SourceDate "2002.05.03"]
[SourceVersion "2"]
[SourceVersionDate "2002.08.09"]
[SourceQuality "1"]

1. e4 Nf6 2. e5 Nd5 3. d4 d6 4. Nf3 Bg4 5. Be2 e6 6. 0-0 Be7 7. h3 Bh5 8. c4 Nb6 9. Nc3 0-0 10. Be3 a6 11. b3 d5 12. c5 N6d7 13. Ne1 Bxe2 14. Nxe2 b6 1/2-1/2

[Event "Tula-B"]
[Site "Tula"]
[Date "2002.??.??"]
[Round "12"]
[White "Kalichkin, Igor"]
[Black "Paronjan, Aleksandar"]
[Result "1-0"]
[WhiteElo "2258"]
[BlackElo "2419"]
[PlyCount "115"]
[EventDate "2002.??.??"]
[EventType "tourn"]
[EventRounds "10"]
[EventCountry "RUS"]
[EventCategory "4"]
[SourceTitle "EXT 2008"]
[Source "ChessBase"]
[SourceDate "2007.11.25"]
[SourceVersion "1"]
[SourceVersionDate "2007.11.25"]
[SourceQuality "1"]

1. e4 Nf6 2. Nc3 d5 3. e5 Nfd7 4. Nxd5 Nxe5 5. Ne3 Ned7 6. d4 c5 7. dxc5 Nc6 8. a3 e5 9. b4 Be7 10. Nf5 0-0 11. Bb2 Bf6 12. Nd6 e4 13. c3 Be5 14. Nxe4 Re8 15. Be2 Qh4 16. Nd6 Bxd6 17. cxd6 Nde5 18. Kf1 Bf5 19. g3 Qe4 20. f3 Qe3 21. Kg2 Rad8 22. Qc1 Ng4 23. fxg4 Be4+ 24. Bf3 Bxf3+ 25. Nxf3 Qe2+ 26. Kh3 Qxf3 27. Rf1 Qd5 28. c4 Qxd6 29. Qg5 Qf8 30. Rae1 Rxe1 31. Rxe1 f6 32. Qf4 Qf7 33. Kg2 a6 34. g5 fxg5 35. Qxg5 h6 36. Qg4 a5 37. Bc3 h5 38. Qe4 axb4 39. axb4 Na7 40. Rf1 Qd7 41. Rf5 Re8 42. Qf3 Re2+ 43. Qxe2 Qxf5 44. Qe5 Qxe5 45. Bxe5 Kf7 46. b5 Nc8 47. c5 g6 48. Kf3 Ke6 49. Ke4 Na7 50. c6 b6 51. Bd4 Nxb5 52. Bxb6 g5 53. Bd8 Nd6+ 54. Kd4 g4 55. c7 Nc8 56. Ke4 Kd7 57. Kf4 Nd6 58. Kg5 1-0

[Event "Tula-B"]
[Site "Tula"]
[Date "2002.??.??"]
[Round "11"]
[White "Paronjan, Aleksandar"]
[Black "Simantsev, Mikhail"]
[Result "1-0"]
[WhiteElo "2419"]
[BlackElo "2402"]
[PlyCount "87"]
[EventDate "2002.??.??"]
[EventType "tourn"]
[EventRounds "10"]
[EventCountry "RUS"]
[EventCategory "4"]
[SourceTitle "EXT 2008"]
[Source "ChessBase"]
[SourceDate "2007.11.25"]
[SourceVersion "1"]
[SourceVersionDate "2007.11.25"]
[SourceQuality "1"]

1. e4 e6 2. d4 d5 3. Nc3 Nf6 4. Bg5 Be7 5. e5 Nfd7 6. h4 Bxg5 7. hxg5 Qxg5 8. Nh3 Qh6 9. g3 f6 10. Nb5 Kd8 11. Qg4 fxe5 12. Ng5 Qxh1 13. Nf7+ Ke7 14. Nxh8 Qe4+ 15. Qxe4 dxe4 16. Nxc7 Nb6 17. Nxa8 Nxa8 18. dxe5 Nd7 19. 0-0-0 Nxe5 20. Re1 Ng4 21. Rxe4 Nf6 22. Ra4 a6 23. Rb4 b5 24. a4 Nc7 25. axb5 axb5 26. Bxb5 Nfd5 27. Rb3 Nxb5 28. Rxb5 Bd7 29. Ra5 Nf6 30. b4 Ne4 31. b5 Kd6 32. Nf7+ Kc5 33. c4 Nxf2 34. Ra7 Be8 35. Ne5 Kd6 36. b6 Bc6 37. Rc7 Kxe5 38. Rxc6 Nd3+ 39. Kd2 Nb4 40. Rc8 Na6 41. b7 g5 42. b8Q+ Nxb8 43. Rxb8 Kd4 44. Re8 1-0

[Event "Tula-B"]
[Site "Tula"]
[Date "2002.??.??"]
[Round "7"]
[White "Paronjan, Aleksandar"]
[Black "Tahirov, Farhad"]
[Result "1/2-1/2"]
[WhiteElo "2419"]
[BlackElo "2571"]
[PlyCount "101"]
[EventDate "2002.??.??"]
[EventType "tourn"]
[EventRounds "10"]
[EventCountry "RUS"]
[EventCategory "4"]
[SourceTitle "EXT 2008"]
[Source "ChessBase"]
[SourceDate "2007.11.25"]
[SourceVersion "1"]
[SourceVersionDate "2007.11.25"]
[SourceQuality "1"]

1. e4 d6 2. d4 g6 3. Nc3 Bg7 4. Be3 c6 5. Qd2 Nf6 6. f3 b5 7. Bh6 Bxh6 8. Qxh6 b4 9. Nd1 Qb6 10. Ne2 Ba6 11. e5 dxe5 12. dxe5 Nd5 13. e6 Nf6 14. a3 c5 15. axb4 cxb4 16. Qe3 Qxe6 17. Qxe6 fxe6 18. Nd4 Bxf1 19. Rxf1 Kf7 20. Ne3 Rd8 21. Nb3 Nc6 22. Ra6 Rac8 23. Rf2 h5 24. Na5 Nxa5 25. Rxa5 Rc7 26. Rb5 Rd4 27. Rd2 Rf4 28. Ke2 Rh4 29. h3 Ne8 30. Rd8 Nd6 31. Rbb8 Nf5 32. Rg8 Kf6 33. Rbf8+ Ke5 34. Rxg6 Nxe3 35. Kxe3 Rxc2 36. f4+ Kd5 37. Rd8+ Kc4 38. Rc8+ Kb3 39. Rxc2 Kxc2 40. Rxe6 Kxb2 41. Kf3 b3 42. Kg3 Kc2 43. Rxe7 b2 44. Rb7 Rxf4 45. Kxf4 a5 46. g4 hxg4 47. hxg4 a4 48. g5 a3 49. g6 a2 50. g7 a1Q 51. Rxb2+ 1/2-1/2

[Event "Tula-B"]
[Site "Tula"]
[Date "2002.??.??"]
[Round "4"]
[White "Sosulin, Eduard"]
[Black "Paronjan, Aleksandar"]
[Result "1-0"]
[WhiteElo "2361"]
[BlackElo "2419"]
[PlyCount "95"]
[EventDate "2002.??.??"]
[EventType "tourn"]
[EventRounds "10"]
[EventCountry "RUS"]
[EventCategory "4"]
[SourceTitle "EXT 2008"]
[Source "ChessBase"]
[SourceDate "2007.11.25"]
[SourceVersion "1"]
[SourceVersionDate "2007.11.25"]
[SourceQuality "1"]

1. e4 c6 2. d4 g6 3. Be3 d5 4. e5 Qb6 5. Qc1 Nh6 6. c3 Nf5 7. Bd2 Ng7 8. Bh6 Ne6 9. Bxf8 Rxf8 10. Nf3 f6 11. a4 fxe5 12. Nxe5 Nd7 13. Nd3 c5 14. a5 Qc6 15. Qe3 b6 16. Be2 Ba6 17. 0-0 Bxd3 18. Bxd3 Nf4 19. Re1 e6 20. Bf1 g5 21. g3 Rg8 22. axb6 axb6 23. Rxa8+ Qxa8 24. Bg2 Rg6 25. gxf4 gxf4 26. Qxf4 Qa2 27. Kh1 Kd8 28. Qh4+ Rf6 29. Bh3 Qxb2 30. dxc5 Qxf2 31. Qxf2 Rxf2 32. cxb6 Nc5 33. Na3 Rf3 34. Bxe6 Nxe6 35. Rxe6 Rxc3 36. Nb5 Rc5 37. Na7 Rc1+ 38. Kg2 Rc2+ 39. Kg3 Rb2 40. Rd6+ Ke8 41. Nc8 Rb3+ 42. Kf4 Rb2 43. Rxd5 h5 44. Nd6+ Ke7 45. b7 Ke6 46. Rb5 Rf2+ 47. Ke3 Rf8 48. Nc8 1-0

[Event "Tula"]
[Site "Tula"]
[Date "2000.??.??"]
[Round "1"]
[White "Chuiko, Alexander"]
[Black "Paronjan, Aleksandar"]
[Result "0-1"]
[WhiteElo "2309"]
[BlackElo "2431"]
[PlyCount "84"]
[EventDate "2000.??.??"]
[EventType "tourn"]
[EventRounds "15"]
[EventCountry "RUS"]
[EventCategory "5"]
[SourceTitle "EXT 2001"]
[Source "ChessBase"]
[SourceDate "2000.11.22"]
[SourceVersion "1"]
[SourceVersionDate "2000.11.22"]
[SourceQuality "1"]

1. e4 Nf6 2. e5 Nd5 3. d4 d6 4. Nf3 Bg4 5. Be2 e6 6. 0-0 Be7 7. h3 Bh5 8. c4 Nb6 9. Nc3 0-0 10. exd6 cxd6 11. Be3 d5 12. c5 Bxf3 13. Bxf3 Nc4 14. Bf4 Nc6 15. b3 N4a5 16. Be3 b6 17. cxb6 axb6 18. Nb5 Qd7 19. Be2 Rfc8 20. a3 Na7 21. a4 Nxb5 22. Bxb5 Qd6 23. Bc1 Rc3 24. Bd2 Rcc8 25. Bc1 Qc7 26. Bd2 Qc2 27. Bxa5 bxa5 28. Qxc2 Rxc2 29. Rac1 Rac8 30. Rxc2 Rxc2 31. Rd1 Rc3 32. Rd3 Rxd3 33. Bxd3 Bf6 34. Kf1 Bxd4 35. Ke2 h6 36. Ba6 Kf8 37. f4 Ke7 38. g4 g5 39. Kf3 Kd6 40. Bb5 f6 41. Be8 Bc3 42. Ke3 Bb4 0-1

[Event "Tula-A"]
[Site "Tula"]
[Date "2000.??.??"]
[Round "1"]
[White "Gusev, Aleksey"]
[Black "Paronjan, Aleksandar"]
[Result "1/2-1/2"]
[WhiteElo "2329"]
[BlackElo "2423"]
[PlyCount "73"]
[EventDate "2000.12.??"]
[EventType "tourn"]
[EventRounds "13"]
[EventCountry "RUS"]
[EventCategory "4"]
[SourceTitle "CBM 079 Extra"]
[Source "ChessBase"]
[SourceDate "2001.01.11"]
[SourceVersion "2"]
[SourceVersionDate "2001.01.25"]
[SourceQuality "1"]

1. d4 Nf6 2. c4 e6 3. Nc3 Bb4 4. Qc2 d5 5. a3 Bxc3+ 6. Qxc3 0-0 7. Nf3 dxc4 8. Qxc4 Qd5 9. Qxc7 Nc6 10. e3 Re8 11. Bd2 Qb3 12. Be2 e5 13. Rc1 Be6 14. Nxe5 Rac8 15. Rxc6 bxc6 16. Qa5 c5 17. Bb5 cxd4 18. Bxe8 Rxe8 19. 0-0 Qxb2 20. exd4 Qxd4 21. Re1 Rc8 22. Nf3 Qd7 23. Be3 Bd5 24. Qxa7 Qc6 25. Nd4 Qc3 26. Rd1 Ra8 27. Rb1 h6 28. Qb6 Qxa3 29. Qc7 Qd3 30. Rc1 Qe4 31. Qg3 Ng4 32. Qf3 Nxe3 33. Qxe4 Bxe4 34. fxe3 Ra3 35. Re1 Kf8 36. Kf2 Ke7 37. Re2 1/2-1/2

[Event "Tula"]
[Site "Tula"]
[Date "2000.??.??"]
[Round "9"]
[White "Paronjan, Aleksandar"]
[Black "Igriashvili, Zurab"]
[Result "1-0"]
[WhiteElo "2431"]
[BlackElo "2425"]
[PlyCount "95"]
[EventDate "2000.??.??"]
[EventType "tourn"]
[EventRounds "15"]
[EventCountry "RUS"]
[EventCategory "5"]
[SourceTitle "EXT 2001"]
[Source "ChessBase"]
[SourceDate "2000.11.22"]
[SourceVersion "1"]
[SourceVersionDate "2000.11.22"]
[SourceQuality "1"]

1. d4 Nf6 2. c4 c5 3. d5 e5 4. Nc3 d6 5. e4 g6 6. h3 Bg7 7. Be3 0-0 8. g4 a6 9. Bd3 h5 10. f3 Nh7 11. Qd2 Bf6 12. 0-0-0 h4 13. f4 exf4 14. Bxf4 Qe7 15. Nf3 Nd7 16. g5 Be5 17. Be3 Bg7 18. Nxh4 Ne5 19. Be2 Bd7 20. Rdf1 b5 21. Nf3 bxc4 22. Nxe5 Bxe5 23. h4 Rab8 24. h5 Rb4 25. hxg6 fxg6 26. Rxf8+ Qxf8 27. a3 Rb6 28. Rf1 Qe7 29. Bxc4 Bb5 30. Nxb5 axb5 31. Qa5 Qb7 32. Be2 b4 33. a4 Nf8 34. Bb5 b3 35. Qd2 Qg7 36. Rf2 Rb7 37. Qd3 Rf7 38. Qxb3 Rxf2 39. Bxf2 Qe7 40. Be3 Qf7 41. Be2 Bf4 42. a5 Bxe3+ 43. Qxe3 Qa7 44. a6 Nd7 45. Qb3 Nb6 46. Qb5 Kf7 47. Qc6 Ke7 48. Bb5 1-0

[Event "Zeleny Shum-B"]
[Site "Zeleny Shum"]
[Date "2000.??.??"]
[Round "12"]
[White "Paronjan, Aleksandar"]
[Black "Khakimov, Fidel"]
[Result "1/2-1/2"]
[WhiteElo "2423"]
[BlackElo "2303"]
[PlyCount "59"]
[EventDate "2000.??.??"]
[EventType "tourn"]
[EventRounds "13"]
[EventCountry "RUS"]
[EventCategory "3"]
[SourceTitle "EXT 2006"]
[Source "ChessBase"]
[SourceDate "2005.11.24"]
[SourceVersion "1"]
[SourceVersionDate "2005.11.24"]
[SourceQuality "1"]

1. d4 c5 2. d5 e5 3. e4 d6 4. c4 g6 5. Nc3 Bg7 6. Bd3 a6 7. h3 Ne7 8. Nf3 0-0 9. g4 b5 10. cxb5 axb5 11. Nxb5 f5 12. gxf5 gxf5 13. Ng5 Rf6 14. Ne6 Bxe6 15. dxe6 fxe4 16. Bxe4 d5 17. Nc3 Nbc6 18. Nxd5 Rxe6 19. Nxe7+ Qxe7 20. Bd5 Kh8 21. Bxe6 Qxe6 22. Qg4 Qf7 23. Qe4 Rc8 24. Be3 Nd4 25. Bxd4 exd4 26. 0-0 Re8 27. Qc6 Rg8 28. f4 d3 29. Kh2 Bxb2 30. Rab1 1/2-1/2

[Event "Tula"]
[Site "Tula"]
[Date "2000.??.??"]
[Round "13"]
[White "Paronjan, Aleksandar"]
[Black "Tishin, Petr"]
[Result "1/2-1/2"]
[WhiteElo "2431"]
[BlackElo "2296"]
[PlyCount "53"]
[EventDate "2000.??.??"]
[EventType "tourn"]
[EventRounds "15"]
[EventCountry "RUS"]
[EventCategory "5"]
[SourceTitle "EXT 2001"]
[Source "ChessBase"]
[SourceDate "2000.11.22"]
[SourceVersion "1"]
[SourceVersionDate "2000.11.22"]
[SourceQuality "1"]

1. e4 c6 2. d4 d5 3. e5 Bf5 4. h4 h5 5. c4 e6 6. Nc3 Be7 7. Nf3 Bg4 8. cxd5 cxd5 9. Be2 Nc6 10. a3 Rc8 11. Ng5 Bxe2 12. Nxe2 Nh6 13. Ng3 Qb6 14. Nf3 Ng4 15. 0-0 Rc7 16. b4 g6 17. Bf4 0-0 18. Qd3 Rfc8 19. Rfc1 Bf8 20. Rab1 a6 21. Bg5 Qa7 22. Ne2 b5 23. Kf1 Qb6 24. Rb2 Nh6 25. Ng3 Ng4 26. Ne2 Nh6 27. Ng3 1/2-1/2

[Event "Tula-A"]
[Site "Tula"]
[Date "2000.??.??"]
[Round "2"]
[White "Poletov, Vladimir"]
[Black "Paronjan, Aleksandar"]
[Result "1/2-1/2"]
[WhiteElo "2329"]
[BlackElo "2423"]
[PlyCount "73"]
[EventDate "2000.12.??"]
[EventType "tourn"]
[EventRounds "13"]
[EventCountry "RUS"]
[EventCategory "4"]
[SourceTitle "CBM 079 Extra"]
[Source "ChessBase"]
[SourceDate "2001.01.11"]
[SourceVersion "2"]
[SourceVersionDate "2001.01.25"]
[SourceQuality "1"]

1. d4 Nf6 2. c4 e6 3. Nc3 d5 4. Nf3 Be7 5. Bf4 0-0 6. e3 c5 7. dxc5 Bxc5 8. Qc2 Nc6 9. a3 Qa5 10. Rd1 Be7 11. Nd2 e5 12. Bg5 d4 13. Nb3 Qd8 14. Be2 a5 15. Na4 h6 16. Bh4 b6 17. exd4 Nxd4 18. Nxd4 exd4 19. Bf3 Ra7 20. 0-0 Bb7 21. Bxb7 Rxb7 22. Nc3 g5 23. Bg3 Rd7 24. Na4 d3 25. Qb3 d2 26. Qxb6 Qxb6 27. Nxb6 Rb7 28. Na4 Ne4 29. f3 Nxg3 30. hxg3 Rd8 31. Rf2 Rbd7 32. Re2 Bf8 33. Kf1 Rd4 34. Re5 Rxc4 35. Rxa5 Rc2 36. Rb5 Ra8 37. Nc3 1/2-1/2

[Event "Tula op"]
[Site "Tula"]
[Date "2000.??.??"]
[Round "5"]
[White "Selin, Oleg"]
[Black "Paronjan, Aleksandar"]
[Result "1-0"]
[WhiteElo "2327"]
[BlackElo "2431"]
[PlyCount "47"]
[EventDate "2000.??.??"]
[EventType "swiss"]
[EventRounds "10"]
[EventCountry "RUS"]
[SourceTitle "EXT 2001"]
[Source "ChessBase"]
[SourceDate "2000.11.22"]
[SourceVersion "1"]
[SourceVersionDate "2000.11.22"]
[SourceQuality "1"]

1. d4 d5 2. c4 c6 3. Nc3 Nf6 4. Nf3 e6 5. Bg5 h6 6. Bh4 dxc4 7. e4 g5 8. Bg3 b5 9. Be2 Nbd7 10. h4 b4 11. hxg5 bxc3 12. gxf6 cxb2 13. Rb1 Qa5+ 14. Kf1 Qxa2 15. Ne5 Nxe5 16. Bxe5 c3 17. d5 exd5 18. Bxc3 Rb8 19. Rh5 Rb3 20. Re5+ Kd7 21. Rxd5+ cxd5 22. Qxd5+ Kc7 23. Be5+ Bd6 24. Qxd6+ 1-0

[Event "Zeleny Shum-B"]
[Site "Zeleny Shum"]
[Date "2000.??.??"]
[Round "3"]
[White "Zhidkov, Valery S"]
[Black "Paronjan, Aleksandar"]
[Result "1/2-1/2"]
[WhiteElo "2369"]
[BlackElo "2423"]
[PlyCount "26"]
[EventDate "2000.??.??"]
[EventType "tourn"]
[EventRounds "13"]
[EventCountry "RUS"]
[EventCategory "3"]
[SourceTitle "EXT 2006"]
[Source "ChessBase"]
[SourceDate "2005.11.24"]
[SourceVersion "1"]
[SourceVersionDate "2005.11.24"]
[SourceQuality "1"]

1. d4 d5 2. c4 c6 3. cxd5 cxd5 4. Nc3 Nf6 5. Bf4 Nc6 6. e3 a6 7. Nf3 Bg4 8. Be2 e6 9. 0-0 Be7 10. Ne5 Nxe5 11. Bxe5 Bxe2 12. Qxe2 0-0 13. Rac1 Rc8 1/2-1/2

[Event "Moscow op"]
[Site "Moscow"]
[Date "1994.??.??"]
[Round "7"]
[White "Isupov, Vladimir"]
[Black "Paronjan, Aleksandar"]
[Result "1/2-1/2"]
[WhiteElo "2300"]
[BlackElo "2315"]
[PlyCount "80"]
[EventDate "1994.??.??"]
[EventType "swiss"]
[EventRounds "9"]
[EventCountry "RUS"]
[SourceTitle "EXT 1997"]
[Source "ChessBase"]
[SourceDate "1996.11.15"]
[SourceVersion "1"]
[SourceVersionDate "1996.11.15"]
[SourceQuality "1"]

1. e4 Nf6 2. e5 Nd5 3. d4 d6 4. Nf3 Bg4 5. Be2 e6 6. 0-0 Be7 7. c4 Nb6 8. Nc3 0-0 9. Be3 a6 10. Qb3 dxe5 11. Nxe5 Bxe2 12. Nxe2 N8d7 13. Rfd1 Nxe5 14. dxe5 Qc8 15. Nc3 Nd7 16. f4 Nc5 17. Qc2 a5 18. Na4 Nxa4 19. Qxa4 Qe8 20. Qxe8 Rfxe8 21. Rd7 Rac8 22. c5 Red8 23. Rxd8+ Rxd8 24. c6 bxc6 25. Rc1 c5 26. Bxc5 Bxc5+ 27. Rxc5 Rd1+ 28. Kf2 Rd2+ 29. Kf3 Rxb2 30. Rxa5 g6 31. Ra8+ Kg7 32. a4 c5 33. a5 c4 34. a6 c3 35. a7 Ra2 36. Ke3 h5 37. g3 Kh7 38. h3 Kg7 39. g4 hxg4 40. hxg4 Kh7 1/2-1/2

[Event "Moscow-ch"]
[Site "Moscow"]
[Date "1994.??.??"]
[Round "?"]
[White "Lastin, Alexander"]
[Black "Paronjan, Aleksandar"]
[Result "1/2-1/2"]
[WhiteElo "2405"]
[BlackElo "2355"]
[PlyCount "88"]
[EventDate "1994.??.??"]
[EventType "swiss"]
[EventRounds "9"]
[EventCountry "RUS"]
[SourceTitle "CBM 043 Extra"]
[Source "ChessBase"]
[SourceDate "1995.01.01"]
[SourceVersion "1"]
[SourceVersionDate "1995.01.01"]
[SourceQuality "1"]

1. e4 Nf6 2. d3 d5 3. Nd2 e6 4. g3 dxe4 5. dxe4 b6 6. Bg2 e5 7. Ngf3 Nc6 8. 0-0 Ba6 9. Re1 Qd7 10. c3 Rd8 11. b4 Bd6 12. Qb3 0-0 13. Nc4 Bb7 14. Bg5 Qe6 15. Nh4 h6 16. Bxf6 Qxf6 17. Nf5 Ne7 18. Nfxd6 cxd6 19. Qa3 Nc8 20. Rad1 Qe7 21. Ne3 Qc7 22. c4 Ne7 23. Rd2 f5 24. exf5 Bxg2 25. Kxg2 Nxf5 26. Nxf5 Rxf5 27. Qd3 Rdf8 28. Qd5+ Kh8 29. Re3 Qe7 30. Ree2 R8f6 31. a4 Qd7 32. Rxe5 Rxe5 33. Qxe5 Qc6+ 34. Qd5 Qxa4 35. Re2 Qd7 36. Ra2 Qf7 37. Qa8+ Kh7 38. Qe4+ Kh8 39. Qa8+ Kh7 40. Qe4+ Kg8 41. Rd2 Rf5 42. Qc6 d5 43. c5 bxc5 44. Qxc5 Qh5 1/2-1/2

[Event "Moscow op"]
[Site "Moscow"]
[Date "1994.??.??"]
[Round "5"]
[White "Paronjan, Aleksandar"]
[Black "Losev, Dmitry"]
[Result "1-0"]
[WhiteElo "2315"]
[BlackElo "2320"]
[PlyCount "65"]
[EventDate "1994.??.??"]
[EventType "swiss"]
[EventRounds "9"]
[EventCountry "RUS"]
[SourceTitle "EXT 1997"]
[Source "ChessBase"]
[SourceDate "1996.11.15"]
[SourceVersion "1"]
[SourceVersionDate "1996.11.15"]
[SourceQuality "1"]

1. d4 g6 2. c4 Bg7 3. Nc3 d6 4. e4 Nc6 5. Be3 f5 6. d5 Ne5 7. f4 Ng4 8. Bd4 N8f6 9. e5 Nh5 10. e6 Ngf6 11. Nh3 0-0 12. Be2 c5 13. Be3 Ng4 14. Bxg4 fxg4 15. Qxg4 b5 16. 0-0 Nf6 17. Qh4 bxc4 18. f5 Qe8 19. Bh6 Rb8 20. Rf3 Bxh6 21. Qxh6 Ng4 22. Qg5 Ne5 23. Rf4 Rxb2 24. Raf1 Rf6 25. Ne4 Bb7 26. Rh4 Qf8 27. Nxf6+ exf6 28. fxg6 Nxg6 29. Rxf6 Qg7 30. Rxh7 Rb1+ 31. Kf2 Qxf6+ 32. Qxf6 Kxh7 33. e7 1-0

[Event "Moscow-ch"]
[Site "Moscow"]
[Date "1994.??.??"]
[Round "?"]
[White "Paronjan, Aleksandar"]
[Black "Notkin, Maksim"]
[Result "1/2-1/2"]
[WhiteElo "2355"]
[BlackElo "2465"]
[PlyCount "54"]
[EventDate "1994.??.??"]
[EventType "swiss"]
[EventRounds "9"]
[EventCountry "RUS"]
[SourceTitle "CBM 043 Extra"]
[Source "ChessBase"]
[SourceDate "1995.01.01"]
[SourceVersion "1"]
[SourceVersionDate "1995.01.01"]
[SourceQuality "1"]

1. d4 Nf6 2. c4 g6 3. Nc3 d5 4. cxd5 Nxd5 5. e4 Nxc3 6. bxc3 Bg7 7. Bb5+ c6 8. Ba4 a5 9. Ne2 b5 10. Bc2 0-0 11. 0-0 c5 12. a3 Ba6 13. Rb1 Nc6 14. Be3 cxd4 15. cxd4 b4 16. Bd3 bxa3 17. Bxa6 Rxa6 18. Qd3 Ra7 19. Qxa3 Nxd4 20. Nxd4 Bxd4 21. Rfd1 e5 22. Bxd4 exd4 23. Qc5 Rd7 24. Ra1 Re8 25. f3 Qf6 26. Rxa5 h5 27. Qg5 Qb6 1/2-1/2

[Event "Moscow-ch"]
[Site "Moscow"]
[Date "1994.??.??"]
[Round "?"]
[White "Paronjan, Aleksandar"]
[Black "Svistunov, Konstantin"]
[Result "1-0"]
[WhiteElo "2355"]
[BlackElo "2295"]
[PlyCount "55"]
[EventDate "1994.??.??"]
[EventType "swiss"]
[EventRounds "9"]
[EventCountry "RUS"]
[SourceTitle "CBM 043 Extra"]
[Source "ChessBase"]
[SourceDate "1995.01.01"]
[SourceVersion "1"]
[SourceVersionDate "1995.01.01"]
[SourceQuality "1"]

1. d4 d5 2. Nf3 Nc6 3. Bf4 Bg4 4. e3 e6 5. Nbd2 Bd6 6. Bxd6 Qxd6 7. c4 Nf6 8. Be2 0-0 9. 0-0 Ne7 10. Qa4 c6 11. Rfc1 Ng6 12. h3 Bf5 13. b4 e5 14. cxd5 e4 15. Ne1 cxd5 16. Rc2 Nh4 17. Rac1 g5 18. Qa5 Ne8 19. Qb5 b6 20. a3 Bd7 21. Qa6 f5 22. Nf1 f4 23. Bg4 Bxg4 24. hxg4 Nf6 25. Qb7 Nxg4 26. Rc6 Qb8 27. Qe7 fxe3 28. Rc7 1-0

[Event "Kstovo op"]
[Site "Kstovo"]
[Date "1994.??.??"]
[Round "5"]
[White "Romanov, Oleg"]
[Black "Paronjan, Aleksandar"]
[Result "1/2-1/2"]
[WhiteElo "2270"]
[BlackElo "2355"]
[PlyCount "31"]
[EventDate "1994.08.??"]
[EventType "swiss"]
[EventRounds "9"]
[EventCountry "RUS"]
[SourceTitle "CBM 042 Extra"]
[Source "ChessBase"]
[SourceDate "1994.11.01"]
[SourceVersion "1"]
[SourceVersionDate "1994.11.01"]
[SourceQuality "1"]

1. d4 d5 2. c4 c6 3. Nc3 Nf6 4. e3 e6 5. Nf3 Nbd7 6. Bd3 dxc4 7. Bxc4 b5 8. Bd3 a6 9. e4 c5 10. e5 cxd4 11. Nxb5 axb5 12. exf6 gxf6 13. 0-0 Qb6 14. Be4 Bb7 15. Bxb7 Qxb7 16. Nxd4 1/2-1/2